Etiqueta de registo: 00254nam 2200025 450
001 2276302
003 http://id.bnportugal.gov.pt/bib/catbnp/2276302
010 ## $a978-989-9237-71-1
021 ## $aPT$b559475/26
100 ## $a20260305d2026 m y0pory01030103ba
101 0# $apor
102 ## $aPT
105 ## $aa z 000yy
106 ## $ar
200 1# $aFrente Rural de Sendim$eeu vi este povo lutar!... (1974)$fMário Correia$gfot. José "Zeca" Meirinhos
210 #9 $aCarviçais$cLema d'Origem,$d2026
215 ## $a116 p.$cil.$d23 cm
225 2# $aMemo
675 ## $a316.35(469.201)"1974"$vBN$zpor$31994531
675 ## $a061.23(469.201)"1974"$vBN$zpor$31994527
675 ## $a323.2(469.201)"1974"$vBN$zpor$31994526
700 #1 $aCorreia,$bMário,$f1952-$31157317
702 #1 $92$aMeirinhos,$bJosé$4600$31989163
801 #0 $aPT$bBN$gRPC
856 41 $uhttp://rnod.bnportugal.gov.pt/ImagesBN/winlibimg.aspx?skey=&doc=2276302&img=221012&save=true
900 ## $aBIBNAC$d20260414
966 ## $lBN$mFGMON$sS.C. 168867 V.$x1
966 ## $lBN$mFGMON$sS.C. 168867 V.-D$x1
971 ## $cssilva$d20260305
972 ## $e0$z0$d20260414$vasantos
973 ## $ctrodrigues$d20260401